Southville International School and Colleges
Your cart is empty.
  • Cart
  • Lists
    Public lists Eva Luna New books Lux_list list_1
    Your lists Log in to create your own lists
  • Log in to your account
  • Your cookies
  • Search history
Southville International School and Colleges
  • Advanced search
  • Recent comments
  • Most popular
  • Libraries

Log in to your account

Log in with GOOGLE


If you do not have an external account, but do have a local account, you can still log in:

  1. Home
  2. MARC view: A clash of cultures :
Normal view MARC view ISBD view

A clash of cultures : (Record no. 283720)

[ view plain ]
MARC details
000 -LEADER
fixed length control field 00699nam a2200181 a 4500
008 - FIXED-LENGTH DATA ELEMENTS--GENERAL INFORMATION
fixed length control field
020 ## - INTERNATIONAL STANDARD BOOK NUMBER
International Standard Book Number 9789712724459
050 00 - LIBRARY OF CONGRESS CALL NUMBER
Classification number BX4857
Item number .M34 2011
100 1# - MAIN ENTRY--PERSONAL NAME
Personal name Maggay, Melba Padilla.
245 12 - TITLE STATEMENT
Title A clash of cultures :
Remainder of title early American Protestant missions and Filipino religious consciousness /
Statement of responsibility, etc Melba Padilla Maggay.
260 ## - PUBLICATION, DISTRIBUTION, ETC. (IMPRINT)
Place of publication, distribution, etc Manila :
Name of publisher, distributor, etc Anvil,
Date of publication, distribution, etc c2011.
300 ## - PHYSICAL DESCRIPTION
Extent xix, 235 p. ;
Dimensions 23 cm.
650 #0 - SUBJECT ADDED ENTRY--TOPICAL TERM
Topical term or geographic name as entry element Protestantism
Geographic subdivision Philippines
General subdivision History.
650 #0 - SUBJECT ADDED ENTRY--TOPICAL TERM
Topical term or geographic name as entry element Religion and politics
Geographic subdivision Philippines
General subdivision History.
650 #0 - SUBJECT ADDED ENTRY--TOPICAL TERM
Topical term or geographic name as entry element Christianity and politics
General subdivision Philippines
-- History.
651 #0 - SUBJECT ADDED ENTRY--GEOGRAPHIC NAME
Geographic name Philippines
General subdivision Politics and Government
Chronological subdivision 1898-1946.
942 ## - ADDED ENTRY ELEMENTS (KOHA)
Source of classification or shelving scheme Library of Congress Classification
Item type Books
Holdings
Withdrawn status Lost status Source of classification or shelving scheme Damaged status Home library Current library Shelving location Date acquired Total Checkouts Full call number Barcode Date last seen Price effective from Koha item type
    Library of Congress Classification   College Library College Library Filipiniana Section 03/04/2015   BX4857 .M193 2011 C14325 05/08/2018 03/04/2015 Books

A clash of cultures :

APA

Maggay M. P., . (2011). A clash of cultures. Manila: Anvil.

Chicago

Maggay Melba Padilla, . 2011. A clash of cultures. Manila: Anvil.

Harvard

Maggay M. P., . (2011). A clash of cultures. Manila: Anvil.

MLA

Maggay Melba Padilla, . A clash of cultures. Manila: Anvil. 2011.

  • Place hold
  • Print
  • Cite
  • Add to your cart (remove)
  • Save record
    BIBTEX Dublin Core MARCXML MARC (non-Unicode/MARC-8) MARC (Unicode/UTF-8) MARC (Unicode/UTF-8, Standard) MODS (XML) RIS
  • More searches
    Search for this title in:
    Other Libraries (WorldCat) Other Databases (Google Scholar) Online Stores (Bookfinder.com) Open Library (openlibrary.org)

Exporting to Dublin Core...

SOUTHVILLE LIBRARY

Southville International School and Colleges Library

1281 Tropical Ave. Cor. Luxembourg St., BF Homes International, Las Pinas City

Tel. No. 8256374 / 252358 Loc. 117/146

Powered by Koha